The jungle boat ride / (Record no. 8175)
[ view plain ]
| 000 -LEADER | |
|---|---|
| fixed length control field | 01434nam a22003137a 4500 |
| 001 - CONTROL NUMBER | |
| control field | 8175 |
| 003 - CONTROL NUMBER IDENTIFIER | |
| control field | FISKH |
| 005 - DATE AND TIME OF LATEST TRANSACTION | |
| control field | 20260428100746.0 |
| 008 - FIXED-LENGTH DATA ELEMENTS--GENERAL INFORMATION | |
| fixed length control field | 250901b cb ||||| |||| 00| 0 eng d |
| 020 ## - INTERNATIONAL STANDARD BOOK NUMBER | |
| International Standard Book Number | 9780462004693 |
| 040 ## - CATALOGING SOURCE | |
| Original cataloging agency | FISKH |
| Language of cataloging | eng |
| Transcribing agency | FISKH |
| Modifying agency | FISKH |
| 050 ## - LIBRARY OF CONGRESS CALL NUMBER | |
| Classification number | PZ7 |
| 082 ## - DEWEY DECIMAL CLASSIFICATION NUMBER | |
| Classification number | F 808 SMI j |
| 100 ## - MAIN ENTRY--PERSONAL NAME | |
| Personal name | Smith, Ben |
| Relator term | Author |
| 245 ## - TITLE STATEMENT | |
| Title | The jungle boat ride / |
| Statement of responsibility, etc. | Written by Ben Smith : Illustrated by Roger Harvey |
| 250 ## - EDITION STATEMENT | |
| Edition statement | First published 2008 |
| 260 ## - PUBLICATION, DISTRIBUTION, ETC. | |
| Place of publication, distribution, etc. | London : |
| Name of publisher, distributor, etc. | Marshall Cavendish Limited , |
| Date of publication, distribution, etc. | 2008. |
| 300 ## - PHYSICAL DESCRIPTION | |
| Extent | 16 pages : |
| Other physical details | color illustrations ; |
| Dimensions | 16 X 19 cm . |
| 490 ## - SERIES STATEMENT | |
| Series statement | My Pals Are Here ! Reading Stars : |
| Volume/sequential designation | 4d |
| 505 ## - FORMATTED CONTENTS NOTE | |
| Formatted contents note | J <br/> |
| 520 ## - SUMMARY, ETC. | |
| Summary, etc. | The Jungle Boat Ride by The Jungle Boat Ride is a short children’s adventure story about a group of people taking a boat ride through a jungle river. During the trip, they see different jungle animals and experience exciting moments along the way. The story uses simple language and colorful descriptions to help young readers imagine the sights and sounds of the jungle while learning about nature and adventure. It is written for beginning readers in the My Pals Are Here! Reading Stars series, Level 4. <br/> |
| 521 8# - TARGET AUDIENCE NOTE | |
| Target audience note | 500 <br/> |
| Source | Lexile estimate <br/> |
| 521 8# - TARGET AUDIENCE NOTE | |
| Target audience note | J <br/> |
| Source | Raz-Plus <br/> |
| 650 ## - SUBJECT ADDED ENTRY--TOPICAL TERM | |
| Topical term or geographic name entry element | Jungle |
| Form subdivision | Adventure |
| 650 ## - SUBJECT ADDED ENTRY--TOPICAL TERM | |
| Topical term or geographic name entry element | Boat ride |
| Form subdivision | Animals |
| 700 ## - ADDED ENTRY--PERSONAL NAME | |
| Personal name | Harvey, Roger |
| Relator term | Illustrator |
| 942 ## - ADDED ENTRY ELEMENTS (KOHA) | |
| Source of classification or shelving scheme | Dewey Decimal Classification |
| Koha item type | Books |
| Suppress in OPAC | No |
| Withdrawn status | Lost status | Source of classification or shelving scheme | Damaged status | Not for loan | Collection | Home library | Current library | Shelving location | Date acquired | Total Checkouts | Full call number | Barcode | Date last seen | Copy number | Price effective from | Koha item type |
|---|---|---|---|---|---|---|---|---|---|---|---|---|---|---|---|---|
| Dewey Decimal Classification | Juvenile Fiction | Footprints International School Library Network Toul Tom Poung Campus | Footprints International School Library Network Toul Tom Poung Campus | TTP Primary Dark Blue Bookshelves | 04/28/2026 | SMI F 808 SMI j PZ7 | FISTK03207 | 04/28/2026 | 1 | 04/28/2026 | Books |
